[Event "FSIMB February"]
[Site "Budapest HUN"]
[Date "2005.02.10"]
[Round "6"]
[White "Toth,Li"]
[Black "Prohaszka,P2"]
[Result "0-1"]
[WhiteElo "2159"]
[BlackElo "2194"]

1.d4 Nf6 2.c4 e6 3.Nf3 Bb4+ 4.Bd2 Qe7 5.g3 Nc6 6.Nc3 d6 7.Bg2 a5 8.O-O O-O
9.d5 Bxc3 10.Bxc3 Nd8 11.Nd2 e5 12.e4 c6 13.f4 Nd7 14.f5 f6 15.b3 Nf7 16.a3 Qd8
17.Qe2 Nc5 18.Kh1 Bd7 19.Rab1 Qc7 20.Bb2 Rfb8 21.a4 Be8 22.Ba3 Na6 23.dxc6 bxc6
24.Rbc1 Nc5 25.Bxc5 dxc5 26.Qe3 Qb6 27.g4 Ra7 28.Rc3 Rd7 29.Nf3 h6 30.h4 Qb4
31.Rfc1 Rbd8 32.Bf1 Rd1 33.Kg2 Rxc1 34.Rxc1 Rb8 35.Rc3 Rd8 36.Be2 Rd7 37.Rd3 Rxd3
38.Qxd3 Qb6 39.Qe3 Qb4 40.Bd1 Nd6 41.g5 hxg5 42.hxg5 Bh5 43.gxf6 Bxf3+ 44.Bxf3 gxf6
45.Qd3 Nf7 46.Qe3 Qb6 47.Kg3 Qa7 48.Bh5 Ng5 49.Qd3 Qe7 50.Bg6 Qd6 51.Qe3 Qd2
52.Qxd2 Nxe4+ 53.Kg4 Nxd2 54.Be8 Nxb3 55.Bxc6 Nd2 56.Bd5+ Kg7 57.Be6 Kh6
58.Bf7 Nb1 59.Be6 Nc3 60.Bd7 Ne4 61.Be6 Kg7 62.Bd5 Nc3 63.Bc6 Ne2 64.Bd7 Kf7
65.Kf3 Nd4+ 66.Kg4 Ke7 67.Bc8 Kd8 68.Bb7 Kc7 69.Bd5 Kd6 70.Bf3 e4 71.Bxe4 Ke5
72.Bd3 Nc6 73.Be2 Ne7 74.Bd3 Kd4 75.Be2 Nc8 76.Bd1 Kd3 77.Kf4 Kxc4 78.Ke4 Ne7
79.Bh5 Kb4 80.Bd1 c4 81.Bc2 Kc3 82.Bd1 Kd2  0-1

[Event "FSIMB February"]
[Site "Budapest HUN"]
[Date "2005.02.14"]
[Round "10"]
[White "Rombaldoni,D"]
[Black "Prohaszka,P2"]
[Result "1-0"]
[WhiteElo "2244"]
[BlackElo "2194"]

1.d4 Nf6 2.c4 e6 3.Nf3 Bb4+ 4.Bd2 Qe7 5.g3 Nc6 6.Nc3 O-O 7.Bg2 d6 8.O-O a5
9.Rc1 Bxc3 10.Bxc3 e5 11.d5 Nb8 12.c5 Ne4 13.Qc2 f5 14.cxd6 cxd6 15.Nd2 Nxc3
16.Qxc3 Qd8 17.Rc2 Na6 18.a3 b5 19.b4 Bb7 20.Qb3 axb4 21.axb4 Qb6 22.e4 Qd4
23.exf5 Rxf5 24.Ne4 Rd8 25.Rd2 Qa7 26.Bh3 Rff8 27.Ng5 Bc8 28.Be6+ Kh8 29.Qd3 g6
30.Qxb5 Qe7 31.Nf7+ Rxf7 32.Bxf7 Qxf7 33.Rc1 Qb7 34.Qa5 Rf8 35.Rc6 Nxb4 36.Rb6 Qc7
37.Qxb4 Qc1+ 38.Kg2 Bh3+ 39.Kxh3 Qf1+ 40.Kg4 Rf5 41.Rb7 Qg2 42.f4 Qf1 43.Qe4 Qg1
44.Ra2 Qd1+ 45.Qe2 Rxf4+ 46.gxf4 Qg1+ 47.Kh3  1-0

[Event "FSGM February"]
[Site "Budapest HUN"]
[Date "2005.02.16"]
[Round "12"]
[White "Flumbort,A"]
[Black "Berczes,D"]
[Result "1/2-1/2"]
[WhiteElo "2479"]
[BlackElo "2313"]

1.d4 Nf6 2.c4 e6 3.Nf3 Bb4+ 4.Bd2 c5 5.Bxb4 cxb4 6.g3 O-O 7.Bg2 d6 8.O-O Nc6
9.Qd3 e5 10.Nbd2 Bg4 11.d5 Bxf3 12.exf3 Nb8 13.a3 Na6 14.Qe3 Qc7 15.Rfc1 Nd7
16.Nb3 b6 17.Bf1  1/2-1/2

[Event "Aeroflot Open B"]
[Site "Moscow RUS"]
[Date "2005.02.19"]
[Round "5"]
[White "Dzhakaev,D"]
[Black "Ikonnikov,Vy"]
[Result "0-1"]
[WhiteElo "2486"]
[BlackElo "2541"]

1.d4 Nf6 2.Nf3 e6 3.c4 Bb4+ 4.Bd2 Qe7 5.g3 Nc6 6.Nc3 Bxc3 7.Bxc3 Ne4 8.Rc1 O-O
9.Bg2 d6 10.d5 Nxc3 11.Rxc3 Nd8 12.O-O e5 13.c5 dxc5 14.Qc2 e4 15.Nd2 f5
16.f3 exf3 17.Bxf3 c6 18.Rxc5 Bd7 19.Nb3 Kh8 20.Rd1 cxd5 21.Rcxd5 Be6 22.Rc5 Nc6
23.Nd4 Nxd4 24.Rxd4 Rac8 25.b4 b6 26.Rxc8 Rxc8 27.Qd2 h6 28.a4 Kh7 29.Kf2 Rc7
30.Qe3 Qf7 31.Rd6 Re7 32.a5 bxa5 33.bxa5 Bc4 34.Qc5 Rc7 35.Qd4 Qe7 36.Qf4 Rc5
37.Bh5 Bf7 38.Qd4 Rc4 39.Bxf7 Rxd4 40.Bg6+ Kg8 41.Rxd4 Qf6  0-1

[Event "Severstal 50"]
[Site "Cherepovets RUS"]
[Date "2005.02.28"]
[Round "4"]
[White "Dmitrenko,V"]
[Black "Dovliatov,S"]
[Result "1/2-1/2"]
[WhiteElo "2327"]
[BlackElo "2398"]

1.d4 Nf6 2.c4 e6 3.Nf3 Bb4+ 4.Bd2 Qe7 5.g3 Nc6 6.Bg2 O-O 7.O-O Bxd2 8.Nbxd2 d5
9.e3 b6 10.Rc1 Bb7 11.Re1 Rad8 12.cxd5 Nxd5 13.Qa4 Qd7 14.a3 a5 15.Rc2 Qe8
16.Rec1 Nce7 17.Qxe8 Rfxe8 18.b3 Rc8  1/2-1/2

[Event "Sozina Open"]
[Site "Bar SCG"]
[Date "2005.03.04"]
[Round "1"]
[White "Bernasek,J"]
[Black "Sobic,D"]
[Result "1-0"]
[WhiteElo "2389"]
[BlackElo "2030"]

1.d4 Nf6 2.c4 e6 3.Nf3 Bb4+ 4.Bd2 Bxd2+ 5.Qxd2 d5 6.Nc3 Nbd7 7.e3 c6 8.Bd3 b6
9.O-O O-O 10.b4 Bb7 11.c5 Re8 12.Qc2 e5 13.Nxe5 Nxe5 14.dxe5 Rxe5 15.Ne2 Qc7
16.h3 h6 17.Nd4 Rae8 18.Rfc1 Rc8 19.Qb2 Ne4 20.cxb6 axb6 21.Nxc6 Bxc6 22.Rxc6 Qxc6
23.Qxe5 Qc3 24.Qxc3 Rxc3 25.Bxe4 dxe4 26.a4 Rc6 27.g4 g5 28.a5 bxa5 29.bxa5 Ra6
30.Kf1 f5 31.gxf5 Kf7 32.f3  1-0

[Event "TCh-ISL 2004-5"]
[Site "Reykjavik ISL"]
[Date "2005.03.04"]
[Round "5"]
[White "Thorfinnsson,Bj"]
[Black "Karason,A"]
[Result "1/2-1/2"]
[WhiteElo "2356"]
[BlackElo "2259"]

1.d4 e6 2.c4 Nf6 3.Nf3 Bb4+ 4.Bd2 Qe7 5.a3 Bxd2+ 6.Nbxd2 d6 7.e3 e5 8.Qc2 a5
9.Be2 O-O 10.O-O Nc6 11.Qc3 Bg4 12.h3 Bh5 13.Bd1 e4 14.Ne1 Bxd1 15.Rxd1 a4
16.Nc2 b6 17.d5 Ne5 18.Nd4 Rfe8 19.Nf5 Qf8 20.Kh2 Ned7 21.f3 g6 22.Ng3 Qh6
23.Ndxe4 Nxe4 24.fxe4 Re5 25.Rf4 Rae8 26.Rdf1 R8e7 27.Rg4 Rg5 28.Rff4 Rxg4
29.Rxg4 Re5 30.Nf5 Qf8 31.Nd4 Nf6 32.Rf4 Nxe4 33.Qe1 Qh6 34.Nc6 Re8 35.Qf1 Nd2
36.Qf2 Ne4 37.Qf3 Nd2 38.Qg4 Rxe3 39.Rf2 Re8 40.Qd7 Rf8 41.Qxc7 Qe3 42.Rxd2 Qf4+
43.Kh1 Qxd2 44.Qxd6 Qxb2 45.Qf4 Qxa3 46.Qf6 h6 47.d6 Qc1+ 48.Kh2 Qg5 49.Qd4 Qc5
50.Ne7+ Kh7 51.Qf6 Qxc4 52.Nxg6  1/2-1/2

[Event "TCh-BEL 2004-5"]
[Site "Belgium BEL"]
[Date "2005.03.06"]
[Round "10"]
[White "Van der Stricht,G"]
[Black "Pira,D"]
[Result "1-0"]
[WhiteElo "2425"]
[BlackElo "2382"]

1.d4 Nf6 2.c4 e6 3.Nf3 Bb4+ 4.Bd2 a5 5.g3 d5 6.Bg2 c6 7.Qb3 Bxd2+ 8.Nbxd2 O-O
9.O-O b5 10.c5 Ne4 11.Nxe4 dxe4 12.Nd2 f5 13.e3 Kh8 14.a4 e5 15.axb5 exd4
16.b6 Ba6 17.Rxa5 dxe3 18.Qxe3 Bxf1 19.Rxa8 Bb5 20.Bf1 Bxf1 21.Kxf1 h6 22.Nc4 Qd1+
23.Kg2 Qd5 24.Nd6 Kg8 25.Ra7 Qe6 26.Ra8 Nd7 27.Rxf8+ Kxf8 28.Qd4 Qe5 29.Qxe5 Nxe5
30.Nxf5 Nd7 31.b4 Nb8 32.Kf1 Na6 33.Nd4 Nxb4 34.b7  1-0

[Event "FSGM March"]
[Site "Budapest HUN"]
[Date "2005.03.08"]
[Round "4"]
[White "Szeberenyi,A"]
[Black "Ilincic,Z"]
[Result "1/2-1/2"]
[WhiteElo "2357"]
[BlackElo "2502"]

1.d4 Nf6 2.Nf3 e6 3.c4 Bb4+ 4.Bd2 c5 5.Bxb4 cxb4 6.e3 O-O 7.Be2 d6 8.a3 Nc6
9.O-O a5 10.d5 exd5 11.cxd5 Ne7 12.axb4 Nexd5 13.bxa5 Rxa5 14.Rxa5 Qxa5 15.Qd2  1/2-1/2

[Event "TCh-SWE Elitserien 2004-5"]
[Site "Malmo SWE"]
[Date "2005.03.12"]
[Round "10"]
[White "Sjodahl,P"]
[Black "Lyrberg,P"]
[Result "1/2-1/2"]
[WhiteElo "2422"]
[BlackElo "2432"]

1.d4 Nf6 2.c4 e6 3.Nf3 Bb4+ 4.Bd2 a5 5.g3 d5 6.Qc2 c5 7.cxd5 cxd4 8.Nxd4 O-O
9.Bg2 Qb6 10.Bxb4 axb4 11.e3 Nxd5 12.Nd2 Nc6 13.Nxc6 bxc6 14.O-O Ba6 15.Rfc1 Bb5
16.Bf1  1/2-1/2

[Event "Spring Festival"]
[Site "Budapest HUN"]
[Date "2005.03.20"]
[Round "3"]
[White "Marodi,M"]
[Black "Nagy,Ben"]
[Result "0-1"]
[WhiteElo "2168"]
[BlackElo "2349"]

1.d4 Nf6 2.c4 e6 3.Nf3 Bb4+ 4.Bd2 a5 5.g3 Qe7 6.Bg2 O-O 7.O-O Bxd2 8.Qxd2 d6
9.Nc3 Nbd7 10.e4 e5 11.d5 Nc5 12.Ne1 Ne8 13.Nd3 Nxd3 14.Qxd3 f5 15.f4 fxe4
16.Bxe4 Nf6 17.Bg2 Bg4 18.Rae1 Nd7 19.Na4 b6 20.Qe4 Rae8 21.a3 Qd8 22.Qc2 exf4
23.Rxe8 Rxe8 24.gxf4 Re2 25.Qd3 Qe8 26.Nc3 Rxb2 27.Qg3 Nf6 28.Re1 Qd7 29.Ne4 Nxe4
30.Bxe4 Re2 31.Bxh7+ Kf8 32.Rxe2 Bxe2 33.Bd3 Bxd3 34.Qxd3 Qg4+ 35.Kf2 Qxf4+
36.Kg2 Kf7 37.Qe2 Qf5 38.a4 Kf6 39.h4 g6 40.Qe8 Qg4+ 41.Kf1 Qxc4+ 42.Kg1 Qxd5
43.Qd8+ Ke6 44.Qg8+ Ke5 45.Qg7+ Kf5 46.Qxc7 Qc5+  0-1

[Event "7th Foxwoods Open"]
[Site "Connecticut USA"]
[Date "2005.03.24"]
[Round "3"]
[White "Pomerleano,D"]
[Black "Michel,C"]
[Result "1-0"]
[WhiteElo "2243"]
[BlackElo "2201"]

1.d4 Nf6 2.Nf3 e6 3.c4 Bb4+ 4.Bd2 c5 5.Bxb4 cxb4 6.g3 b6 7.Bg2 Bb7 8.O-O O-O
9.Nbd2 d6 10.Qb3 a5 11.a3 bxa3 12.bxa3 Nbd7 13.Rab1 Qc7 14.Rfc1 Rab8 15.Rb2 e5
16.e3 Rfe8 17.Nb1 Ba6 18.Rbc2 Rec8 19.Nfd2 Qd8 20.Nc3 Qe7 21.Nb5 Nf8 22.a4 Ne6
23.Qb2 exd4 24.exd4 Qd7 25.Bh3 d5 26.Nf3 dxc4 27.Ne5 Qe7 28.Rxc4 Rxc4 29.Rxc4 Bb7
30.Na7 Ng5 31.Bf1 Qd6 32.Nac6 Nf3+ 33.Nxf3 Bxc6 34.Ne5 Bd5 35.Rc2 h5 36.Qc3 Rd8
37.Bb5 Be4 38.Rd2 Bb7 39.Bc4 Nd5 40.Qf3 Rf8 41.Qxh5 Qb4 42.Bxd5 Bxd5 43.Ng6 Qb1+
44.Rd1 Qxg6 45.Qxd5 Qc2 46.Ra1 Re8 47.Qb5 Re2 48.Rf1 Rd2 49.Qe8+ Kh7 50.Qxf7 Qxa4
51.Qh5+ Kg8 52.Re1 Rxd4 53.Re8+ Qxe8 54.Qxe8+ Kh7 55.h4 a4 56.Qe3 Rb4 57.Qa3 Rd4
58.Qb2  1-0

[Event "Arcimpex Cup"]
[Site "Frydek Mistek CZE"]
[Date "2005.03.24"]
[Round "1"]
[White "Smolen,J"]
[Black "Jurcik,Mari"]
[Result "1/2-1/2"]
[WhiteElo "2356"]
[BlackElo "2314"]

1.d4 Nf6 2.Nf3 e6 3.c4 Bb4+ 4.Bd2 Qe7 5.Qc2 Bxd2+ 6.Nbxd2 d6 7.e3 e5 8.Be2 O-O
9.O-O e4 10.Ne1 c5 11.Qc3 cxd4 12.exd4 d5 13.Nc2 dxc4 14.Bxc4 Be6 15.Ne3 Rc8
16.Qb3 Bxc4 17.Ndxc4 Nc6 18.d5 Nd8 19.Nf5 Qd7 20.Ncd6 Rc5 21.Qg3 g6 22.Qe5 gxf5
23.Qxf6 Rxd5 24.Rad1 Rxd1 25.Qg5+ Kf8 26.Rxd1 Rc8 27.Qh5 Rc5 28.Nxf7 Rd5
29.Rxd5 Qxd5 30.Nxd8 Qxd8 31.Qxf5+ Kg7 32.Qe5+ Kf7 33.h3 Qd1+ 34.Kh2 Qc2
35.Qf4+ Kg7 36.Qg3+ Kf6 37.Qc3+ Qxc3 38.bxc3 Ke5 39.Kg1 Kd5 40.Kf1 Kc4 41.g4 Kxc3
42.h4 Kd4 43.Ke2 Ke5 44.Ke3 b5 45.g5 Kf5  1/2-1/2

[Event "Western Pacific Open"]
[Site "Burbank USA"]
[Date "2005.03.26"]
[Round "3"]
[White "Kretchetov,A"]
[Black "Yermolinsky,A"]
[Result "0-1"]
[WhiteElo "2326"]
[BlackElo "2570"]

1.d4 Nf6 2.c4 e6 3.Nf3 Bb4+ 4.Bd2 c5 5.Bxb4 cxb4 6.g3 O-O 7.Bg2 d6 8.O-O Re8
9.a3 bxa3 10.Rxa3 Nc6 11.Nc3 a5 12.Nb5 Na7 13.Nxa7 Rxa7 14.b4 b6 15.Qc2 Qc7
16.Rfa1 Bb7 17.Nd2 Bxg2 18.Kxg2 e5 19.dxe5 Rxe5 20.Nf3 Re4 21.bxa5 Rxa5 22.Rxa5 bxa5
23.Qd2 Qxc4 24.e3 a4 25.Qxd6 Re8 26.Nd4 h5 27.h3 Ra8 28.Ra3 Ne4 29.Qe5 Nd2
30.Qb5 Qxb5 31.Nxb5 Nc4 32.Rc3 a3 33.Rxc4 a2 34.Rc1 a1=Q 35.Rxa1 Rxa1 36.h4 g6
37.Nd4 Kg7 38.Nf3 Ra2 39.Nd4 Kf6 40.Kf3 Rb2 41.Ne2 Ke5 42.Nf4 Rd2 43.Ne2 Rd6
44.Nf4 Rf6 45.Kg2 Ke4 46.Nh3 Kd3 47.Ng1 Ra6 48.Nf3 f6 49.Kf1 Ra5 50.Kg2 g5
51.Kf1 g4 52.Nd4 Ra6 53.Nb5 Rb6 54.Nd4 Kd2 55.Kg1 Rb1+ 56.Kg2 Rd1 57.Ne6 Ke1
58.Nf4 Rd2 59.Kg1 f5 60.Nxh5 Rxf2 61.Nf4 Ra2 62.h5 Kd2 63.Kf2 Kc3+ 64.Kg1 Kc4
65.Ng6 Kd5 66.Nf4+ Ke4 67.h6 Ra6 68.h7 Rh6 69.Ne6 Kxe3 70.Ng5 f4 71.gxf4 Kxf4
72.Ne6+ Kg3 73.Ng5 Kh4  0-1

[Event "Open"]
[Site "Coventry ENG"]
[Date "2005.03.28"]
[Round "8"]
[White "Young,C"]
[Black "Charleshouse,G"]
[Result "1-0"]
[WhiteElo "2102"]
[BlackElo "2251"]

1.d4 Nf6 2.Nf3 e6 3.c4 Bb4+ 4.Bd2 Qe7 5.Nc3 O-O 6.g3 b6 7.Bg2 Bb7 8.O-O d6
9.Rc1 Bxc3 10.Bxc3 Nbd7 11.Ne1 Bxg2 12.Nxg2 c6 13.Qd3 d5 14.b3 Rac8 15.Bb2 Rfd8
16.e3 Nb8 17.Qb1 Qb7 18.Rfd1 b5 19.Ne1 Nbd7 20.Rc2 Ne4 21.f3 Nd6 22.c5 Nf5
23.Re2 b4 24.Nd3 a5 25.Qc1 Ra8 26.Qd2 Ne7 27.Qe1 Rdb8 28.e4 a4 29.e5 Qb5
30.g4 Rb7 31.f4 axb3 32.axb3 Nf8 33.Rf2 g6 34.Nc1 Re8 35.Ne2 Kh8 36.Ng3 Ng8
37.f5 exf5 38.gxf5 f6 39.Qf1 Qxf1+ 40.Rdxf1 g5 41.Nh5 h6 42.Re2 Rf7 43.Ng3 Ra7
44.Nh5 Rf7 45.Ree1 Ra8 46.Rf2 Ra2 47.Kg2 Nh7 48.h3 Raa7 49.Kg3 Ne7 50.Kg4 Ra2
51.Ng3 Ra8 52.Ra1 Rff8 53.Rff1 Kg7 54.Nh5+ Kf7 55.Ng3 Rfe8 56.Nh5 Ng8 57.Rfe1 Nf8
58.e6+ Ke7 59.Rxa8 Rxa8 60.Ra1 Rxa1  1-0

[Event "Caissa IM March"]
[Site "Kecskemet HUN"]
[Date "2005.03.28"]
[Round "9"]
[White "Amberger,D"]
[Black "Groetz,H"]
[Result "0-1"]
[WhiteElo "2100"]
[BlackElo "2299"]

1.c4 e6 2.d4 Nf6 3.Nf3 Bb4+ 4.Bd2 Bxd2+ 5.Nbxd2 d5 6.e3 O-O 7.Rc1 Nbd7 8.Qc2 c6
9.Bd3 h6 10.O-O Qc7 11.e4 dxe4 12.Nxe4 c5 13.Rfd1 b6 14.dxc5 bxc5 15.Nd6 Bb7
16.Nxb7 Qxb7 17.Re1 Rab8 18.b3 Qc7 19.Qc3 Rfd8 20.Bb1 Rb6 21.Qa5 Re8 22.a3 e5
23.Rcd1 e4 24.Nd2 Ne5 25.Nxe4 Nf3+ 26.gxf3 Nxe4 27.Bxe4 Rxe4 28.Qc3 Rg6+
29.Kf1 Rxe1+ 30.Rxe1 Qxh2 31.Re8+ Kh7 32.Qd3 Qh3+ 33.Ke2 Qh5 34.Qd8 Rf6 35.Rh8+ Kg6
36.Qd3+ Kg5 37.Qd5+ Rf5 38.Qd8+ f6 39.Qd2+ Kh4 40.Qd3 Kh3 41.Rg8 g6 42.Re8 Kg2
43.Re3 Re5 44.Rxe5 Qxe5+ 45.Qe3 Qxe3+ 46.fxe3 a5 47.e4 Kg3 48.Ke3 h5  0-1

[Event "ch-EU"]
[Site "Cork IRL"]
[Date "2005.03.30"]
[Round "9"]
[White "Socko,B"]
[Black "Markos,J"]
[Result "1-0"]
[WhiteElo "2591"]
[BlackElo "2454"]

1.d4 Nf6 2.c4 e6 3.Nf3 Bb4+ 4.Bd2 Qe7 5.g3 O-O 6.Bg2 Nc6 7.O-O Bxd2 8.Qxd2 a5
9.Nc3 d6 10.e4 e5 11.d5 Nb8 12.Ne1 Na6 13.Nd3 Nd7 14.f4 Nac5 15.Nxc5 Nxc5
16.f5 f6 17.h4 b6 18.g4 Ba6 19.b3 Rab8 20.Nb5 Bxb5 21.cxb5 Qe8 22.Qe2 g5
23.fxg6 hxg6 24.Rf2 Qe7 25.Raf1 Qh7 26.h5 Kg7 27.hxg6 Qxg6 28.Rf5 Rh8 29.g5 Qh7
30.R1f2 Qh2+ 31.Kf1 Qg3 32.R2f3 Qg4 33.Rxf6 Qxg5 34.Rf7+ Kg6 35.R7f5 Qc1+
36.Kf2 Rh4 37.Rg3+ Kh6 38.Rh3 Rxh3 39.Bxh3 Qb2 40.Rh5+ Kg7 41.Qxb2 Nd3+ 42.Ke2 Nxb2
43.a4 Kg6 44.Rh4 Kg5 45.Rg4+ Kh5 46.Rg1 Rf8 47.Bf5 Kh4 48.Kd2 Rf7 49.Kc2 Nxa4
50.bxa4 Re7 51.Kd3 Kh5 52.Ke3 Kh6 53.Kf3 Kh5 54.Rg8 Kh6 55.Kg4  1-0

[Event "ch-RUS w 1st League"]
[Site "Samara RUS"]
[Date "2005.03.30"]
[Round "8"]
[White "Gunina,V"]
[Black "Ubiennykh,E"]
[Result "1-0"]
[WhiteElo "2342"]
[BlackElo "2327"]

1.d4 Nf6 2.c4 e6 3.Nf3 Bb4+ 4.Bd2 Qe7 5.g3 Nc6 6.Bg2 Bxd2+ 7.Nbxd2 d6 8.O-O a5
9.e4 e5 10.d5 Nb8 11.c5 O-O 12.cxd6 cxd6 13.Ne1 b6 14.Bf3 Nbd7 15.Nd3 Ba6
16.Be2 Rfc8 17.Nc1 Bxe2 18.Nxe2 Nc5 19.Nc3 a4 20.Qe2 Qd7 21.f3 b5 22.Rac1 Rab8
23.Nd1 Qa7 24.Nf2 Rc7 25.Kg2 Qa5 26.Rc2 Rbc8 27.Rfc1 g6 28.Nf1 Kg7 29.Ne3 h5
30.Rc3 b4 31.Rc4 b3 32.a3 Nfd7 33.h3 Na6 34.Rxc7 Rxc7 35.Rc6 Rxc6 36.dxc6 Ndb8
37.Qc4 Nc5 38.Qd5 Qc7 39.Nc4 Qxc6 40.Nxd6 Qxd5 41.exd5 f5 42.Kf1 Nbd7 43.Nc4 Kf6
44.Ke2 Na6 45.Nd3 Nc7 46.d6 Nb5 47.Ke3 g5 48.Ndxe5 Nxe5 49.Nxe5 Nxd6 50.Nd7+ Ke6
51.Nb6 Ke5 52.f4+ gxf4+ 53.gxf4+ Ke6 54.Nxa4 Kd5 55.Kd3 h4 56.Nc3+ Kc5 57.Nd1 Kb5
58.Ne3 Ka4 59.Nd5 Ne4 60.Nc3+  1-0

[Event "Belgrade Cup"]
[Site "Belgrade SCG"]
[Date "2005.04.05"]
[Round "1"]
[White "Radusinovic,L"]
[Black "Lundin,J"]
[Result "1/2-1/2"]
[WhiteElo "1975"]
[BlackElo "2259"]

1.d4 Nf6 2.c4 e6 3.Nf3 Bb4+ 4.Bd2 c5 5.e3 O-O 6.Be2 b6 7.O-O Bb7 8.a3 Bxd2
9.Qxd2 d5 10.dxc5 bxc5 11.Nc3 Nbd7 12.Rac1 Rb8 13.Rfd1 Qe7 14.cxd5 exd5 15.Bb5 Ne5
16.Nxe5 Qxe5 17.Be2 Rfd8 18.Bf3 Qe7 19.Qe2 Bc6 20.Rd2 Rb6 21.Rcd1 Qe5 22.Rc1 h6
23.h3 Qb8 24.Rcd1 Qe5 25.Rc1 Qb8  1/2-1/2

[Event "1st ch-SCG"]
[Site "Kopaonik SCG"]
[Date "2005.04.12"]
[Round "10"]
[White "Arsovic,G"]
[Black "Pavlovic,Mi1"]
[Result "1/2-1/2"]
[WhiteElo "2419"]
[BlackElo "2475"]

1.d4 Nf6 2.Nf3 e6 3.c4 Bb4+ 4.Bd2 a5 5.g3 d6 6.Bg2 Nbd7 7.O-O e5 8.Qc2 O-O
9.Bg5 exd4 10.Nxd4 h6 11.Bf4 Re8 12.Nc3 Ne5 13.Rad1 Qe7 14.b3 c6 15.h3 Ng6
16.Bc1 Qe5 17.a3 Bxc3 18.Qxc3 Bd7 19.Bb2 d5 20.cxd5 cxd5 21.Rfe1 a4 22.bxa4 Bxa4
23.Rc1 Bd7 24.Qb3 Qd6 25.e3 Ne5 26.Nb5 Qb6 27.Bxe5 Rxe5 28.Qc3 Ree8 29.Nc7 Rac8
30.Qb4 Qxb4 31.axb4 Red8 32.Nxd5 Nxd5 33.Bxd5 Bxh3 34.Bxb7 Rb8 35.Rc7 Rd2
36.Rec1 Be6 37.b5 Rb2 38.Bc8 R8xb5 39.Bxe6 fxe6 40.Re7 Rb1 41.Rxb1 Rxb1+
42.Kg2  1/2-1/2

[Event "3rd V Nabokov Mem"]
[Site "Kiev UKR"]
[Date "2005.04.19"]
[Round "1"]
[White "Perun,S"]
[Black "Madan,A"]
[Result "1/2-1/2"]
[WhiteElo "2349"]
[BlackElo "2310"]

1.d4 Nf6 2.Nf3 e6 3.c4 Bb4+ 4.Bd2 c5 5.Bxb4 cxb4 6.g3 O-O 7.Bg2 d6 8.Nbd2 a5
9.Nf1 b6 10.Ne3 Bb7 11.O-O Qc7 12.a3 Na6 13.Qd2 Be4 14.Rfd1 Rfe8 15.Ne1 Bxg2
16.N1xg2 Rab8 17.Nf4 bxa3 18.bxa3 Qd7 19.Rab1 Rec8 20.Qd3 Nc7 21.Rdc1 h6
22.Rc3 g5 23.Nfg2 d5 24.Rcb3 dxc4 25.Nxc4 Ncd5 26.e4 Rxc4 27.Qxc4 Nxe4 28.Qd3  1/2-1/2

[Event "Torch Real Estate Cup"]
[Site "Jinan CHN"]
[Date "2005.04.22"]
[Round "3"]
[White "Xiu Deshun"]
[Black "Yu Shaoteng"]
[Result "1/2-1/2"]
[WhiteElo "2343"]
[BlackElo "2506"]

1.d4 Nf6 2.c4 e6 3.Nf3 Bb4+ 4.Bd2 c5 5.Bxb4 cxb4 6.g3 O-O 7.Bg2 d6 8.O-O Re8
9.Qd3 Nc6 10.d5 exd5 11.cxd5 Nb8 12.a3 Na6 13.Nd4 Qb6 14.Nd2 Bd7 15.Nc4 Qc5
16.Rfc1 Rac8 17.a4 h6 18.Nb5 Ng4 19.Qd4 Bxb5 20.Qxc5 Nxc5 21.Nxd6 Bd7 22.Nxe8 Bxe8
23.Bh3 Bd7 24.Rc4 Ne5 25.Bxd7 Nexd7 26.Rxb4 a5 27.Rb5 b6 28.b4 Nb3 29.Rd1 Rc4
30.bxa5 Nxa5 31.Rdb1 Rxa4 32.R5b4 Ra2 33.R1b2 Ra3 34.Re4 Kf8 35.Rc2 Nc5 36.Rb4 Rb3
37.Rxb3 Naxb3 38.Rc4 Na5 39.Rb4 Nd7 40.e4 Ke7 41.e5 Nxe5 42.Rxb6 Nac4 43.Ra6 Nd7
44.Rc6 Ncb6 45.Kg2 Nxd5 46.h4 h5 47.Kh3 g6 48.Kg2 N7f6 49.Ra6 Ne4 50.Ra7+ Ke6
51.Ra6+ Nd6 52.Ra7 f6 53.Ra1 g5 54.hxg5 fxg5 55.Rc1 Nf6 56.Re1+ Kf5 57.Re2 Nc4
58.Re1 Ne5 59.Re2 Ne4 60.Ra2 Nd7 61.Ra5+ Kf6 62.Ra6+ Ke5 63.Ra5+ Kf6 64.Ra6+ Kf5
65.Ra5+ Ne5 66.Rb5 g4 67.Ra5 Nd2 68.Ra4 Ndc4 69.Ra8 Kg5 70.Rg8+ Ng6 71.Ra8 Nce5
72.Ra5 h4 73.gxh4+ Kxh4 74.Ra4 Nd3 75.Ra7 Ngf4+ 76.Kf1 Kg5 77.Rg7+ Kf5 78.f3 gxf3
79.Rg3 Ke4 80.Rxf3 Kxf3 81.Kg1 Ne2+ 82.Kh2 Ndf4 83.Kh1  1/2-1/2

[Event "7th Rector Cup w"]
[Site "Kharkiv UKR"]
[Date "2005.04.22"]
[Round "3"]
[White "Alexanian,N"]
[Black "Gordon,V"]
[Result "1/2-1/2"]
[WhiteElo "2211"]
[BlackElo "2149"]

1.d4 Nf6 2.c4 e6 3.Nf3 Bb4+ 4.Bd2 c5 5.e3 O-O 6.Bxb4 cxb4 7.Bd3 d6 8.O-O Qe7
9.Nbd2 e5 10.Qc2 Re8 11.Ng5 h6 12.Nge4 Nxe4 13.Bxe4 Nc6 14.d5 Nb8 15.a3 bxa3
16.Rxa3 Na6 17.Rfa1 Rf8 18.Bh7+ Kh8 19.Bf5 Nb4 20.Qb3 Bxf5 21.Qxb4 a6 22.Qb6 Rac8
23.e4 Bh7 24.b4 f5 25.exf5 Bxf5 26.Rg3 Qc7 27.Qe3 Bh7 28.h3 Rf4 29.Rg4 Rcf8
30.Rxf4 Rxf4 31.b5 axb5 32.Ra8+ Bg8 33.cxb5 Kh7 34.Qd3+ g6 35.Ne4 Rf5 36.Qa3 Bxd5
37.Qxd6 Qxd6 38.Nxd6 Rf6 39.Rd8 Bb3 40.Rd7+ Kg8 41.Nxb7 Rb6 42.Nc5 Bc4 43.Ne4  1/2-1/2

[Event "7th Rector Cup w"]
[Site "Kharkiv UKR"]
[Date "2005.04.30"]
[Round "11"]
[White "Kostiuk,T"]
[Black "Gordon,V"]
[Result "1-0"]
[WhiteElo "2313"]
[BlackElo "2149"]

1.d4 Nf6 2.Nf3 e6 3.c4 Bb4+ 4.Bd2 c5 5.Bxb4 cxb4 6.g3 O-O 7.Bg2 d5 8.Nbd2 dxc4
9.Nxc4 Nc6 10.O-O Qe7 11.Nfe5 Nxe5 12.dxe5 Nd7 13.Qd6 Qxd6 14.exd6 Rb8 15.Na5 Rd8
16.Rac1 Nf6 17.Rfd1 Ne8 18.Rxc8 Rbxc8 19.d7 Rc7 20.dxe8=Q+ Rxe8 21.Be4 f5
22.Bd3 Rec8 23.Nb3 g6 24.f4 h5 25.h4 Kf7 26.Kf2 a5 27.Nxa5 Ra8 28.Nc4 Rxa2
29.Ne5+ Kf6 30.Rd2 Ra1 31.Bc4 Rc1 32.b3 Rc3 33.Rd6 Re7 34.Rb6 Rc1 35.Nd3 Ra1
36.Nc5 Rc7 37.Rxe6+ Kg7 38.Nd3 Kh7 39.Nxb4 b5 40.Bd5 Rcc1 41.Re7+ Kh8 42.Nd3 Rf1+
43.Ke3 Rg1 44.Ne5 Rxg3+ 45.Kf2 Rgg1 46.Nd7 Raf1+ 47.Ke3 Rg3+ 48.Kd2 Rxf4
49.Nf6  1-0

[Event "7th Rector Cup"]
[Site "Kharkiv UKR"]
[Date "2005.04.30"]
[Round "11"]
[White "Nalivajko,E"]
[Black "Shalimov,V UKR"]
[Result "0-1"]
[WhiteElo "2270"]
[BlackElo "2457"]

1.d4 Nf6 2.Nf3 e6 3.c4 Bb4+ 4.Bd2 Qe7 5.a3 Bxd2+ 6.Qxd2 O-O 7.g3 d6 8.Bg2 e5
9.O-O e4 10.Ne1 c5 11.Nc2 Re8 12.Nc3 Nc6 13.b3 Bf5 14.Rad1 Rad8 15.Nd5 Nxd5
16.cxd5 e3 17.Nxe3 Nxd4 18.Nxf5 Nxf5 19.e3 g6 20.Rb1 b5 21.Rbc1 Rb8 22.Rfd1 Qd8
23.Rc2 Rb7 24.Rdc1 Qf6 25.Rd1 h5 26.b4 c4 27.a4 a6 28.e4 Ng7 29.a5 Qd8 30.f4 Qb8
31.e5 dxe5 32.d6 e4 33.d7 Rd8 34.Bxe4 Qa7+ 35.Qf2 Qxf2+ 36.Kxf2 Rbxd7 37.Rxd7 Rxd7
38.Ke3 Nf5+ 39.Kf2 Kf8 40.h3 Ke7 41.g4 Nd4 42.Rc3 f5 43.Bb1 Kf6 44.Rg3 h4
45.Re3 Nc6 46.gxf5 gxf5 47.Re8 Rd1 48.Ra8 Nxb4 49.Rf8+ Ke7  0-1

[Event "ch-FRA Top 16 Poule Haute"]
[Site "Port Barcares FRA"]
[Date "2005.05.05"]
[Round "9"]
[White "Pinter,J"]
[Black "Tkachiev,V"]
[Result "0-1"]
[WhiteElo "2535"]
[BlackElo "2605"]

1.d4 Nf6 2.c4 e6 3.Nf3 Bb4+ 4.Bd2 a5 5.g3 d5 6.Qc2 c5 7.dxc5 d4 8.Bg2 Bxc5
9.O-O Nc6 10.Bf4 O-O 11.Nbd2 h6 12.Nb3 Bd6 13.Bxd6 Qxd6 14.c5 Qd8 15.Nfd2 a4
16.Nc1 Qe7 17.Nd3 e5 18.Ne4 Nxe4 19.Bxe4 f5 20.Bd5+ Kh7 21.f3 Rd8 22.Bxc6 bxc6
23.Nb4 Qe8 24.Rae1 Qg6 25.Rd1 Qf6 26.Rd3 Rb8 27.a3 Rb5 28.e3 Be6 29.exd4 Bb3
30.Qc1 exd4 31.Re1 Rd7 32.Rd2 Rbb7 33.Qb1 Bc4 34.Qc2 Bb5 35.Red1 Rb8 36.Nd3 Re8
37.Nf2 Kh8 38.f4 Re3 39.Nd3 Rd5 40.Ne5 Re4 41.b3 d3 42.Nxd3 axb3 43.Qxb3 Ba4
44.Qb8+ Rd8 45.Ra1  0-1

[Event "ch-FRA National 1"]
[Site "Lille FRA"]
[Date "2005.05.06"]
[Round "9"]
[White "Godard,M"]
[Black "Lerner,F"]
[Result "1-0"]
[WhiteElo "2351"]
[BlackElo "2108"]

1.d4 Nf6 2.c4 e6 3.Nf3 Bb4+ 4.Bd2 Qe7 5.g3 Nc6 6.Bg2 O-O 7.O-O Bxd2 8.Qxd2 d6
9.Nc3 Re8 10.e4 e5 11.d5 Nb8 12.Ne1 Nfd7 13.Nd3 a5 14.b3 Na6 15.a3 Ndc5 16.Nc1 Bd7
17.Qb2 b6 18.b4 Na4 19.Nxa4 Bxa4 20.b5 Nc5 21.Qc3 Rf8 22.Rb1 f5 23.exf5 Rxf5
24.Nd3 Raf8 25.Nxc5 dxc5 26.Rbe1 Qf6 27.f3 h5 28.Re4 g5 29.Rfe1 Kg7 30.Rxe5 Rf7
31.R5e3 Qxc3 32.Rxc3 h4 33.Kf2 hxg3+ 34.hxg3 Kf8 35.Bh3 R5f6 36.Re6 Bd1 37.Bg4 Kg7
38.Re1 Bxf3 39.Rxf3 Rxf3+ 40.Bxf3 g4 41.Re3 Kg6 42.Ke2 gxf3+ 43.Rxf3 Rh7
44.Rd3 Rh2+ 45.Kd1 Ra2 46.d6 cxd6 47.Rxd6+ Kf5 48.Rxb6 Rxa3 49.Rc6 Rxg3 50.Rxc5+ Ke4
51.b6 Kd3 52.Ke1 Ke3 53.Kf1 Kd4 54.b7 Kxc5 55.b8=Q Rc3 56.Qb5+ Kd4 57.Qd5+ Ke3
58.c5 a4 59.c6 a3 60.c7 Rc1+ 61.Kg2 Rc2+ 62.Kg3 a2 63.Qxa2 Rxa2 64.c8=Q Rd2
65.Qe6+ Kd4 66.Kf3 Rd3+ 67.Ke2 Rc3 68.Qd6+ Kc4 69.Kd2 Rb3 70.Qc6+ Kb4 71.Kc2 Ra3
72.Qd6+ Ka4 73.Qd4+ Ka5 74.Kb2 Ra4 75.Qc5+ Ka6 76.Kb3 Ra5 77.Qc6+ Ka7 78.Kb4 Ra6
79.Qc5+ Kb7 80.Kb5 Ra7 81.Qb6+ Ka8 82.Qd4 Kb7 83.Qd8  1-0

[Event "Open A"]
[Site "Djakovo CRO"]
[Date "2005.05.07"]
[Round "9"]
[White "Cvitan,O"]
[Black "Cebalo,M"]
[Result "1/2-1/2"]
[WhiteElo "2481"]
[BlackElo "2507"]

1.d4 Nf6 2.Nf3 e6 3.c4 Bb4+ 4.Bd2 c5 5.Bxb4 cxb4 6.e3 O-O 7.Be2 a5 8.O-O d6
9.a3 Na6 10.axb4 Nxb4  1/2-1/2

[Event "ch-FRA National 1"]
[Site "Lille FRA"]
[Date "2005.05.08"]
[Round "11"]
[White "Roos,J"]
[Black "Borne,N"]
[Result "0-1"]
[WhiteElo "2298"]
[BlackElo "2319"]

1.d4 Nf6 2.c4 e6 3.Nf3 Bb4+ 4.Bd2 Qe7 5.g3 Nc6 6.Bg2 Bxd2+ 7.Nbxd2 d6 8.O-O a5
9.Rc1 O-O 10.Rc3 e5 11.d5 Nb4 12.Qb1 Na6 13.b3 Bg4 14.h3 Bd7 15.Kh2 Nc5 16.a3 c6
17.e4 b5 18.cxb5 cxd5 19.exd5 Bxb5 20.Re1 Qa7 21.Nh4 g6 22.Nf1 Rac8 23.Ne3 Ncd7
24.Rec1 Rxc3 25.Rxc3 Qd4 26.Qc2 e4 27.a4 Bd3 28.Qd2 Qe5 29.f4 Qd4 30.Nf3 Qb4
31.Ne1 Nc5 32.N1c2 Qb6 33.Ne1 Nxb3 34.Qb2 Qxe3 35.Nxd3 Nd2 36.Ne5 Qf2 37.Qc1 dxe5
38.fxe5 Nf3+ 39.Kh1 Qxg3 40.Bxf3 exf3 41.Qf1  0-1